| 000 -LEADER |
| fixed length control field |
00595nam a2200229Ia 4500 |
| 001 - CONTROL NUMBER |
| control field |
12571 |
| 003 - CONTROL NUMBER IDENTIFIER |
| control field |
GE_BSU |
| 008 - FIXED-LENGTH DATA ELEMENTS--GENERAL INFORMATION |
| fixed length control field |
181216s||||||||xx |||||||||||||| ||und|| |
| 020 ## - INTERNATIONAL STANDARD BOOK NUMBER |
| International Standard Book Number |
9780723251750 |
| 040 ## - CATALOGING SOURCE |
| Transcribing agency |
GE_BSU |
| 080 ## - UNIVERSAL DECIMAL CLASSIFICATION NUMBER |
| Universal Decimal Classification number |
581.6 |
| 100 ## - MAIN ENTRY--PERSONAL NAME |
| Personal name |
Rose,Francis |
| 245 #4 - TITLE STATEMENT |
| Title |
The Wild Flower Key: How to Identify Wild Plants, Trees and Shrubs in Britain and Ireland |
| 245 ## - TITLE STATEMENT |
| Statement of responsibility, etc. |
Art editor Delf Smith |
| 260 ## - PUBLICATION, DISTRIBUTION, ETC. |
| Place of publication, distribution, etc. |
New York |
| 260 ## - PUBLICATION, DISTRIBUTION, ETC. |
| Date of publication, distribution, etc. |
2006 |
| 300 ## - PHYSICAL DESCRIPTION |
| Extent |
576p.ill.19cm. |
| 653 ## - INDEX TERM--UNCONTROLLED |
| Uncontrolled term |
Earth Sciences |
| 653 ## - INDEX TERM--UNCONTROLLED |
| Uncontrolled term |
Reference Works,Plant Life: General |
| 942 ## - ADDED ENTRY ELEMENTS (KOHA) |
| Koha item type |
წიგნი |